[Event "Lovsprings op 08th D"]
[Site "Ringsted"]
[Date "1996.03.22"]
[Round "3"]
[White "Pedersen, Lars"]
[Black "Jensen, Thais Aarslev"]
[Result "0-1"]
[WhiteElo "1400"]
[BlackElo "1469"]
[PlyCount "54"]
[EventDate "1996.03.08"]
[EventType "swiss"]
[EventRounds "7"]
[EventCountry "DEN"]
[SourceTitle "EXT 2023"]
[Source "ChessBase"]
[SourceDate "2022.10.05"]
[SourceVersion "1"]
[SourceVersionDate "2022.10.05"]
[SourceQuality "1"]

1. d4 e5 2. dxe5 Nc6 3. Nf3 Qe7 4. Nc3 Nxe5 5. Nxe5 Qxe5 6. Qd5 Bd6 7. Bd2 Nf6 8. Qxe5+ Bxe5 9. 0-0-0 Ng4 10. Be1 Nxh2 11. Rxh2 Bxh2 12. g3 h5 13. Nd5 Kd8 14. Bc3 Rg8 15. Rd4 c6 16. Ne3 g5 17. Re4 d5 18. Bf6+ Kc7 19. Re7+ Kd6 20. c4 Bg1 21. b4 b6 22. cxd5 cxd5 23. Re5 Be6 24. Bg2 Rac8+ 25. Kd2 Bxf2 26. Nxd5 Bxg3 27. Rxe6+ Kxe6 0-1